000
00442nam a2200169Ia 4500
008
090711s9999 xx 000 0 und d
082
_b
62548
100
_a
परदेशी दिलीप
245
_a
कहाणी
260
_c
1989
300
_a
68
600
_a
परदेशी दिलीप
630
_a
कहाणी
700
_a
परदेशी दिलीप
730
_a
कहाणी
942
_c
BOOK
999
_c
307901
_d
307901